00343nam a22001457a 4500020001400000082003700014100001400051245003000065250001600095260002800111300000900139650002500148942000700173999001700180 a900457455 a297.03 BRI Vol.IV ( IRAN-KHA)  aBrill E.J aThe Encyclopedia of Islam aNew Edition aLondonbE.J Brillc1978 a1188 aEncyclopedia - Islam cBK c19680d19680